• 首页
  • 本馆介绍
  • 公告通知
  • 最新文献
  • 馆藏检索
  • 电子资源
  • 读者导购
  • 参考咨询
  • 我的图书馆
  • 登录
  • 详细信息显示
  • 放入我的书架
  • 预约/预借图书
  • 作者相关作品
  • 分类相关作品
  • 丛书相关作品
  • 出版社相关作品

书目信息

  • 表格格式
  • 工作单格式
  • 卡片格式
题名:
论语助读
    
 
作者: 张以文 注译
分册:  
出版信息: 北京   中国国际广播出版社  2008.01
页数: 171页
开本: 24cm
丛书名:
单 册:
中图分类: B222.24
科图分类:
主题词: 儒家
电子资源:
ISBN: 978-7-5078-2788-0
000 00923nam0 2200265 450
001 010300000430
005 20130627092631.12
010    @a978-7-5078-2788-0@dCNY22.00
100    @a20080410d2008 em y0chiy0110 ea
101 0  @achi
102    @aCN@b110000
105    @ay z 000yy
106    @ar
200 1  @a论语助读@9lun yu zhu du@f张以文注译
210    @a北京@c中国国际广播出版社@d2008.01
215    @a171页@d24cm
300    @a中华经典读本
330    @a《论语》一书是孔子及其弟子智慧的结晶,其中蕴含着为人处事的丰富哲理、终生学习的基本原理,透过作者的译文和分析,我们仿佛能够聆听到孔子循循善诱的话语,领悟到儒家传统的精髓。本书后附《大学》文采用逐字对译、逐句翻译的形式,可以帮助读者最大限度读懂并理解原著。
605    @a论语@x译文
605    @a论语
606 0  @a儒家
690    @aB222.24@v4
701  0 @a张以文@9zhang yi wen@4注译
801  0 @aCN@bRENTIAN@c20080410
905    @b546256-60@dB222.24@e445@f5
    
    论语助读/张以文注译.-北京:中国国际广播出版社,2008.01
    171页;24cm
    中华经典读本
    
    ISBN 978-7-5078-2788-0:CNY22.00
    《论语》一书是孔子及其弟子智慧的结晶,其中蕴含着为人处事的丰富哲理、终生学习的基本原理,透过作者的译文和分析,我们仿佛能够聆听到孔子循循善诱的话语,领悟到儒家传统的精髓。本书后附《大学》文采用逐字对译、逐句翻译的形式,可以帮助读者最大限度读懂并理解原著。
●
相关链接 在E读中查询图书 在五车中查询图书 在当当中查询图书 在豆瓣中查询图书


正题名:论语助读     索取号:B222.24/445         预约/预借

序号 登录号 条形码 馆藏地/架位号 状态 备注
1 546256   205462569   第一样本阅览室/ [索取号:B222.24/445] 在馆    
2 546257   205462578   第一借阅区/ [索取号:B222.24/445] 在馆    
3 546258   205462587   第一借阅区/ [索取号:B222.24/445] 在馆    
4 546259   205462596   第一借阅区/ [索取号:B222.24/445] 在馆    
5 546260   205462603   第一借阅区/ [索取号:B222.24/445] 在馆    
唐山师范学院图书馆 欢迎您!
大连网信软件有限公司© 版权所有